Kejayaan tanpa had

Bibliographic Details
Main Author: Hill, Napoleon
Corporate Author: Title
Format: Book
Published: Selangor : Thinker's Library , 1998
Subjects:

MARC

LEADER 00000cam a2200000 7i4500
001 0000012372
005 20071214.0
008 071213
020 |a 9676902772 
090 0 0 |a 650.14   |b HIL 
100 1 |a Hill, Napoleon 
245 1 0 |a Kejayaan tanpa had   |c Napoleon Hill 
260 |a Selangor :   |b Thinker's Library ,   |c 1998 
500 |a Terjemahan dari Napoleon Hills unlimited success 52 steps to personel & financial rewards 
650 0 |a Attitude (Psychology) 
650 0 |a Malay fiction 
650 0 |a Optimism 
650 0 |a Success in business 
710 0 |a Title 
999 |a 0001004782   |b Book   |c Adult Collection   |e Perbadanan Perpustakaan Awam Johor 
999 |a 0001004783   |b Book   |c Adult Collection   |e Cawangan Urban Transformation Centre